000 00285nam a22001337a 4500
008 170127b xxu||||| |||| 00| 0 eng d
020 _a0801600987
041 _aeng
080 _22nd
_a61
100 _a3
101 _aSHM
245 _aLEGAL MEDICINE
_cANDERSON, J.A
942 _2udc
_cBK
999 _c3906
_d3906